<?xml version="1.0" encoding="UTF-8"?><?xml-stylesheet type="text/xsl" href="static/style.xsl"?><OAI-PMH xmlns="http://www.openarchives.org/OAI/2.0/" xmlns:xsi="http://www.w3.org/2001/XMLSchema-instance" xsi:schemaLocation="http://www.openarchives.org/OAI/2.0/ http://www.openarchives.org/OAI/2.0/OAI-PMH.xsd"><responseDate>2026-04-17T02:48:22Z</responseDate><request verb="GetRecord" identifier="oai:www.recercat.cat:11351/10922" metadataPrefix="marc">https://recercat.cat/oai/request</request><GetRecord><record><header><identifier>oai:recercat.cat:11351/10922</identifier><datestamp>2024-06-06T08:39:35Z</datestamp><setSpec>com_2072_378070</setSpec><setSpec>com_2072_378040</setSpec><setSpec>col_2072_378092</setSpec></header><metadata><record xmlns="http://www.loc.gov/MARC21/slim" xmlns:dcterms="http://purl.org/dc/terms/" xmlns:xsi="http://www.w3.org/2001/XMLSchema-instance" xmlns:doc="http://www.lyncode.com/xoai" xsi:schemaLocation="http://www.loc.gov/MARC21/slim http://www.loc.gov/standards/marcxml/schema/MARC21slim.xsd">
   <leader>00925njm 22002777a 4500</leader>
   <datafield ind2=" " ind1=" " tag="042">
      <subfield code="a">dc</subfield>
   </datafield>
   <datafield ind2=" " ind1=" " tag="720">
      <subfield code="a">Schram, Alison</subfield>
      <subfield code="e">author</subfield>
   </datafield>
   <datafield ind2=" " ind1=" " tag="720">
      <subfield code="a">Schwartz, Gary K</subfield>
      <subfield code="e">author</subfield>
   </datafield>
   <datafield ind2=" " ind1=" " tag="720">
      <subfield code="a">Yuen, Eunice</subfield>
      <subfield code="e">author</subfield>
   </datafield>
   <datafield ind2=" " ind1=" " tag="720">
      <subfield code="a">McNeely, Samuel C</subfield>
      <subfield code="e">author</subfield>
   </datafield>
   <datafield ind2=" " ind1=" " tag="720">
      <subfield code="a">GARRALDA, Elena</subfield>
      <subfield code="e">author</subfield>
   </datafield>
   <datafield ind2=" " ind1=" " tag="720">
      <subfield code="a">Bedard, Philippe</subfield>
      <subfield code="e">author</subfield>
   </datafield>
   <datafield ind2=" " ind1=" " tag="260">
      <subfield code="c">2024-01-29T08:07:20Z</subfield>
   </datafield>
   <datafield ind2=" " ind1=" " tag="260">
      <subfield code="c">2024-01-29T08:07:20Z</subfield>
   </datafield>
   <datafield ind2=" " ind1=" " tag="260">
      <subfield code="c">2024-01</subfield>
   </datafield>
   <datafield ind2=" " ind1=" " tag="520">
      <subfield code="a">Cyclin-dependent kinase inhibitor; Solid tumors</subfield>
   </datafield>
   <datafield ind2=" " ind1=" " tag="520">
      <subfield code="a">Inhibidor de quinasas dependent de la ciclina; Tumors sòlids</subfield>
   </datafield>
   <datafield ind2=" " ind1=" " tag="520">
      <subfield code="a">Inhibidor de quinasas dependiente de la ciclina; Tumores sólidos</subfield>
   </datafield>
   <datafield ind2=" " ind1=" " tag="520">
      <subfield code="a">Background&#xd;
This study aimed to evaluate the safety, pharmacokinetics (PKs), and preliminary activity of LY3405105, a covalent inhibitor of cyclin-dependent kinase 7 (CDK7), in patients with advanced solid tumors.&#xd;
Materials and Methods&#xd;
LY3405105 monotherapy was given once daily (QD; part A1) or thrice weekly (TIW; part A2) starting at 1 and 2 mg orally, respectively, and escalated per a Bayesian design in adult patients. The primary endpoint was safety, and secondary endpoints included PKs and antitumor activity.&#xd;
Results&#xd;
Fifty-four patients were enrolled: 43 in part A1 and 11 in part A2. Seven patients had dose-limiting toxicities, all in part A1 (45 mg: n = 3; 35 mg: n = 3; 25 mg: n = 1). Thirty-five patients (64.8%) reported at least one treatment-related adverse event (TRAE). TRAEs (≥10%) were diarrhea, nausea, fatigue, vomiting, abdominal pain, anemia, asthenia, and decreased platelet count. QD dosing showed sustained exposure with less peak-trough fluctuation compared to TIW dosing. Median time to maximum concentration was 1-2 hours and half-life was 15-19 hours. CDK7-target occupancy in skin and peripheral blood on day 15 was dose-dependent and reached near maximal occupancy of 75% at ≥15 mg QD. The maximum tolerated dose (MTD) was 20 mg QD. Twelve patients in part A1 (27.9%) and 5 patients in part A2 (45.5%) had a best overall response of stable disease. No complete response or partial response was observed.&#xd;
Conclusion&#xd;
The MTD of LY3405105 monotherapy was 20 mg QD. The most common toxicities were gastrointestinal adverse events, myelosuppression, fatigue, and asthenia. Limited clinical activity was observed in this phase I trial, and there are no plans for further development.&#xd;
ClinicalTrials.gov Identifier&#xd;
NCT03770494.</subfield>
   </datafield>
   <datafield ind2=" " ind1=" " tag="520">
      <subfield code="a">This work was supported by Eli Lilly and Company. Employees of Eli Lilly and Company participated in the study design, collection, analysis, and interpretation of the data, writing of this report, and decision to submit this article for publication.</subfield>
   </datafield>
   <datafield ind1="8" ind2=" " tag="024">
      <subfield code="a">http://hdl.handle.net/11351/10922</subfield>
   </datafield>
   <datafield tag="653" ind2=" " ind1=" ">
      <subfield code="a">Càncer - Tractament</subfield>
   </datafield>
   <datafield tag="653" ind2=" " ind1=" ">
      <subfield code="a">Proteïnes quinases - Inhibidors - Ús terapèutic</subfield>
   </datafield>
   <datafield tag="653" ind2=" " ind1=" ">
      <subfield code="a">CHEMICALS AND DRUGS::Chemical Actions and Uses::Pharmacologic Actions::Molecular Mechanisms of Pharmacological Action::Enzyme Inhibitors::Protein Kinase Inhibitors</subfield>
   </datafield>
   <datafield tag="653" ind2=" " ind1=" ">
      <subfield code="a">Other subheadings::Other subheadings::/therapeutic use</subfield>
   </datafield>
   <datafield tag="653" ind2=" " ind1=" ">
      <subfield code="a">DISEASES::Neoplasms</subfield>
   </datafield>
   <datafield tag="653" ind2=" " ind1=" ">
      <subfield code="a">Other subheadings::Other subheadings::Other subheadings::/drug therapy</subfield>
   </datafield>
   <datafield tag="653" ind2=" " ind1=" ">
      <subfield code="a">COMPUESTOS QUÍMICOS Y DROGAS::acciones y usos químicos::acciones farmacológicas::mecanismos moleculares de acción farmacológica::inhibidores enzimáticos::inhibidores de proteínas cinasas</subfield>
   </datafield>
   <datafield tag="653" ind2=" " ind1=" ">
      <subfield code="a">Otros calificadores::Otros calificadores::/uso terapéutico</subfield>
   </datafield>
   <datafield tag="653" ind2=" " ind1=" ">
      <subfield code="a">ENFERMEDADES::neoplasias</subfield>
   </datafield>
   <datafield tag="653" ind2=" " ind1=" ">
      <subfield code="a">Otros calificadores::Otros calificadores::Otros calificadores::/farmacoterapia</subfield>
   </datafield>
   <datafield ind2="0" ind1="0" tag="245">
      <subfield code="a">A Phase I Dose-Escalation Study of LY3405105, a Covalent Inhibitor of Cyclin-Dependent Kinase 7, Administered to Patients With Advanced Solid Tumors</subfield>
   </datafield>
</record></metadata></record></GetRecord></OAI-PMH>